| 000 | 00440nam a22001937a 4500 | ||
|---|---|---|---|
| 003 | MPLRDC | ||
| 005 | 20220104123736.0 | ||
| 008 | 210129b ||||| |||| 00| 0 eng d | ||
| 020 | _a986-7807-28-6 | ||
| 082 | _a857.7 MLS v.138 | ||
| 100 | _aBABY | ||
| 245 |
_a相看两不厌 _c |
||
| 250 | _a一版一刷 | ||
| 260 |
_a _b上崎国际 _c2003 |
||
| 300 | _b平 | ||
| 490 | _a麻辣: 138 | ||
| 650 | _a | ||
| 942 |
_cBK _o857.7 MLS v.138 |
||
| 999 |
_c13838 _d13828 |
||